<?xml version="1.0" encoding="UTF-8"?>
<record
    xmlns:xsi="http://www.w3.org/2001/XMLSchema-instance"
    xsi:schemaLocation="http://www.loc.gov/MARC21/slim http://www.loc.gov/standards/marcxml/schema/MARC21slim.xsd"
    xmlns="http://www.loc.gov/MARC21/slim">

  <leader>00321nam a2200133   4500</leader>
  <controlfield tag="001">202865</controlfield>
  <datafield tag="090" ind1=" " ind2=" ">
    <subfield code="a">202865</subfield>
  </datafield>
  <datafield tag="100" ind1=" " ind2=" ">
    <subfield code="a">20260703              pory50       </subfield>
  </datafield>
  <datafield tag="200" ind1=" " ind2=" ">
    <subfield code="a">Farmacognosia</subfield>
    <subfield code="f">Alo&#xED;sio Fernandes Costa</subfield>
  </datafield>
  <datafield tag="606" ind1=" " ind2=" ">
    <subfield code="9">8141</subfield>
    <subfield code="a">Ci&#xEA;ncias M&#xE9;dicas</subfield>
  </datafield>
  <datafield tag="675" ind1=" " ind2=" ">
    <subfield code="a">61</subfield>
    <subfield code="v">PT</subfield>
    <subfield code="z">por</subfield>
  </datafield>
  <datafield tag="801" ind1=" " ind2=" ">
    <subfield code="a">PT</subfield>
    <subfield code="b">BMMN</subfield>
    <subfield code="g">RPC</subfield>
  </datafield>
  <datafield tag="830" ind1=" " ind2=" ">
    <subfield code="c">Vanda </subfield>
  </datafield>
  <datafield tag="990" ind1=" " ind2=" ">
    <subfield code="c">LIVROS</subfield>
  </datafield>
  <datafield tag="995" ind1=" " ind2=" ">
    <subfield code="0">0</subfield>
    <subfield code="2">0</subfield>
    <subfield code="5">2026-07-03</subfield>
    <subfield code="9">32677</subfield>
    <subfield code="b">BMMN</subfield>
    <subfield code="f">32387</subfield>
    <subfield code="k">61 COS|DEP</subfield>
    <subfield code="o">0</subfield>
    <subfield code="r">LIVROS</subfield>
    <subfield code="s">Oferta</subfield>
  </datafield>
</record>
